Pocket facts reptiles
| Main Author: | |
|---|---|
| Format: | Book |
| Published: |
London :
MacMillan Children's Books ,
1988
|
| Subjects: |
MARC
| LEADER | 00000cam a2200000 7i4500 | ||
|---|---|---|---|
| 001 | 0000006830 | ||
| 002 | 000007359 | ||
| 005 | 20000330.0 | ||
| 020 | |a 0333514564 | ||
| 090 | 0 | 0 | |a J 597.9 |b STE |
| 100 | 1 | |a Steele, Philip | |
| 245 | 1 | 0 | |a Pocket facts reptiles |c Philip Steele |
| 260 | |a London : |b MacMillan Children's Books , |c 1988 | ||
| 300 | |a 32p. : |b ill ; |c 17cm. | ||
| 650 | 0 | 0 | |a Reptiles |x Juvenile literature |
| 999 | |a 027247 |b BUKU |c PINJAMAN |e PERPUSTAKAAN KOMUNITI PETALING JAYA | ||